| 000 | 01295nam a2200337Ia 4500 | ||
|---|---|---|---|
| 001 | ebr10367832 | ||
| 003 | CaPaEBR | ||
| 006 | m u | ||
| 007 | cr cn||||||||| | ||
| 008 | 090611s2010 enka sb 001 0beng d | ||
| 010 | _z 2009024061 | ||
| 020 | _z9780195365535 | ||
| 040 |
_aCaPaEBR _cCaPaEBR |
||
| 035 | _a(OCoLC)647882176 | ||
| 050 | 1 | 4 |
_aDT92.7 _b.R65 2010eb |
| 100 | 1 | _aRoller, Duane W. | |
| 245 | 1 | 0 |
_aCleopatra _h[electronic resource] : _ba biography / _cDuane W. Roller. |
| 260 |
_aOxford ; _aNew York : _bOxford University Press, _c2010. |
||
| 300 |
_axi, 252 p. : _bill. |
||
| 490 | 1 | _aWomen in antiquity | |
| 504 | _aIncludes bibliographical references and index. | ||
| 533 |
_aElectronic reproduction. _bPalo Alto, Calif. : _cebrary, _d2011. _nAvailable via World Wide Web. _nAccess may be limited to ebrary affiliated libraries. |
||
| 600 | 0 | 0 |
_aCleopatra, _cQueen of Egypt, _dd. 30 B.C. |
| 650 | 0 |
_aQueens _zEgypt _vBiography. |
|
| 651 | 0 |
_aEgypt _xKings and rulers _vBiography. |
|
| 651 | 0 |
_aEgypt _xHistory _y332-30 B.C. |
|
| 655 | 7 |
_aElectronic books. _2local |
|
| 710 | 2 | _aebrary, Inc. | |
| 830 | 0 | _aWomen in antiquity. | |
| 856 | 4 | 0 |
_uhttp://site.ebrary.com/lib/rucke/Doc?id=10367832 _zAn electronic book accessible through the World Wide Web; click to view |
| 999 |
_c109244 _d109244 |
||